Statystyki dla Skoczkowie powołani na IO w XXI wieku

Kliknij tutaj aby rozwiązać quiz!

Ogólne statystyki

  • Ten quiz został rozwiązany 27 razy
  • Średni wynik to 134 z 259

Statystyki odpowiedzi

ReprezentacjaLataZawodnik% Poprawnych
Polska2002-2010Adam Małysz
100%
Polska2014-2022Dawid Kubacki
100%
Polska2006-2022Kamil Stoch
100%
Polska2014, 2018Maciej Kot
100%
Polska2014-2022Piotr Żyła
100%
Japonia2018, 2022Junshiro Kobayashi
95%
Niemcy2018, 2022Markus Eisenbichler
95%
Japonia2002-2018Noriaki Kasai
95%
Japonia2018, 2022Ryoyu Kobayashi
95%
Polska2006, 2010, 2018, 2022Stefan Hula
95%
Austria2018, 2022Stefan Kraft
95%
Niemcy2014, 2018Andreas Wellinger
90%
Finlandia2002-2018Janne Ahonen
90%
Niemcy2018, 2022Karl Geiger
90%
Kanada2010-2022Mackenzie Boyd-Clowes
90%
Czechy2010-2022Roman Koudelka
90%
Austria2006-2014Thomas Morgenstern
90%
Słowenia2022Anze Lanisek
85%
Słowenia2022Cene Prevc
85%
Japonia2006-2022Daiki Ito
85%
Norwegia2014-2022Daniel Andre Tande
85%
Austria2010-2018Gregor Schlierenzauer
85%
Norwegia2022Halvor Egner Granerud
85%
Czechy2002-2014Jakub Janda
85%
Austria2022Jan Horl
85%
Polska2014Jan Ziobro
85%
Szwajcaria2022Killian Peier
85%
Austria2018, 2022Manuel Fettner
85%
Słowenia2010-2022Peter Prevc
85%
Niemcy2014, 2018Richard Freitag
85%
Norwegia2018, 2022Robert Johansson
85%
Niemcy2014Severin Freund
85%
Szwajcaria2002-2022Simon Ammann
85%
Austria2006-2014Andreas Kofler
80%
Włochy2014, 2018Davide Bresadola
80%
Włochy2022Giovanni Bresadola
80%
Szwajcaria2014-2022Gregor Deschwanden
80%
Norwegia2018, 2022Johann Andre Forfang
80%
Japonia2002Kazuyoshi Funaki
80%
Austria2014, 2018Michael Haybock
80%
Japonia2022Naoki Nakamura
80%
Słowenia2002-2014Robert Kranjec
80%
Japonia2010-2018Taku Takeuchi
80%
Słowenia2018, 2022Timi Zajc
80%
Bułgaria2014-2022Vladimir Zografski
80%
Chiny2006Yang Li
80%
Japonia2022Yukiya Sato
80%
Norwegia2002, 2010, 2014Anders Bardal
75%
Finlandia2018, 2022Antti Aalto
75%
Estonia2018, 2022Artti Aigro
75%
Austria2022Daniel Huber
75%
Rosja2018, 2022Evgeniy Klimov
75%
Niemcy2002, 2010Martin Schmitt
75%
Niemcy2006, 2010Michael Neumayer
75%
Niemcy2002-2010Michael Uhrmann
75%
Finlandia2022Niko Kytosaho
75%
Polska2022Paweł Wąsek
75%
Austria2002, 2010Wolfgang Loitzl
75%
Włochy2018Alex Insam
70%
Czechy2010, 2014Antonin Hajek
70%
Rosja2006, 2014Dimitriy Vassiliev
70%
Szwajcaria2022Dominik Peter
70%
Włochy2018Federico Cecon
70%
Finlandia2010Harri Olli
70%
Czechy2002, 2006, 2014Jan Matura
70%
USA2018, 2022Kevin Bickner
70%
Czechy2010-2018Lukas Hlava
70%
Norwegia2022Marius Lindvik
70%
Austria2002-2010Martin Koch
70%
Norwegia2002, 2006Roar Ljokelsoy
70%
Włochy2002Roberto Cecon
70%
Niemcy2018, 2022Stephan Leyhe
70%
Japonia2006, 2010Takanobu Okabe
70%
Austria2014Thomas Diethart
70%
Polska2002Tomisław Tajner
70%
Norwegia2010, 2014Anders Jacobsen
65%
Austria2002Andreas Goldberger
65%
Norwegia2006, 2010Bjorn Einar Romoren
65%
Rumunia2022Daniel Andrei Cacina
65%
Austria2022Daniel Tschofenig
65%
Słowenia2006-2018Jernej Damjan
65%
Finlandia2002-2010Matti Hautamaki
65%
Polska2002, 2006Robert Mateja
65%
Niemcy2002Sven Hannawald
65%
Norwegia2010Tom Hilde
65%
Ukraina2022Yevhen Marusiak
65%
Niemcy2010, 2014Andreas Wank
60%
Austria2002, 2006Andreas Widholzl
60%
Niemcy2022Constantin Schmid
60%
Rosja2006-2018Denis Kornilov
60%
Turcja2018, 2022Fatih Arda Ipcioglu
60%
Korea Płd.2002-2018Hueng-chul Choi
60%
Słowenia2014Jaka Hvala
60%
Słowenia2014Jurij Tepes
60%
Estonia2014Kaarel Nurmsalu
60%
Polska2010Krzysztof Miętus
60%
Norwegia2002, 2006Lars Bystol
60%
Słowenia2022Lovro Kos
60%
Polska2010Łukasz Rutkowski
60%
Niemcy2022Pius Paschke
60%
Słowenia2002, 2006Primoz Peterka
60%
Finlandia2002Risto Jussilainen
60%
Korea Płd.2002-2018Seou Choi
60%
Polska2002Wojciech Skupień
60%
Norwegia2014, 2018Anders Fannemel
55%
Szwajcaria2002-2010Andreas Kuttel
55%
Norwegia2018Andreas Stjernen
55%
Rosja2002Anton Kalinichenko
55%
Słowenia2018Anze Semenić
55%
Czechy2018, 2022Cestmir Kozisek
55%
Austria2018Clemens Aigner
55%
Finlandia2018Eetu Nousiainen
55%
Francja2002, 2010Emmanuel Chedal
55%
Wielka Brytania2002Glynn Pedersen
55%
Finlandia2006-2014Janne Happonen
55%
Norwegia2010Johan Remen Evensen
55%
Polska2002Łukasz Kruczek
55%
Niemcy2014Marinus Kraus
55%
Austria2002Martin Hollwarth
55%
Kanada2022Matthew Soukup
55%
Norwegia2022Robin Pedersen
55%
Rosja2022Roman Sergeevich Trofimov
55%
Norwegia2014Rune Velta
55%
Włochy2006-2018Sebastian Colloredo
55%
Japonia2010Shohei Tochimoto
55%
Norwegia2006Sigurd Pettersen
55%
Norwegia2002Tommy Ingebrigtsen
55%
Finlandia2002Toni Nieminen
55%
Czechy2018, 2022Viktor Polasek
55%
Ukraina2022Vitaliy Kalinichenko
55%
Finlandia2014Anssi Koivuranta
50%
Czechy2002, 2006Jan Mazoch
50%
Estonia2018, 2022Kevin Maltsev
50%
Kazachstan2014Marat Zhaparov
50%
Japonia2002, 2006Masahiko Harada
50%
Rosja2014Mikhail Maksimochkin
50%
Kazachstan2006Radik Zhaparov
50%
Japonia2014Reruhi Shimizu
50%
Kazachstan2018, 2022Sergey Tkachenko
50%
Austria2002Stefan Horngacher
50%
Niemcy2002Stephan Hocke
50%
Finlandia2002, 2006Tami Kiuru
50%
Słowenia2018Tilen Bartol
50%
Francja2010, 2018Vincent Descombes Sevoie
50%
Czechy2018Vojtech Stursa
50%
Włochy2006, 2010Andrea Morassi
45%
Czechy2006Borek Sedlak
45%
Rosja2022Danil Sadreev
45%
USA2022Decker Dean
45%
Niemcy2002, 2006Georg Spath
45%
Japonia2002Hideharu Miyahira
45%
Czechy2002Michal Dolezal
45%
Rosja2018, 2022Mikhail Nazarov
45%
Finlandia2014Olli Muotka
45%
Rosja2010Pavel Karelin
45%
Chiny2022Qiwu Song
45%
Włochy2010, 2014Roberto Dellasega
45%
Finlandia2002Veli-Matti Lindstrom
45%
USA2002, 2006Alan Alborn
40%
Rumunia2022Andrei Feldorean
40%
USA2018, 2022Casey Larson
40%
Korea Płd.2002, 2006, 2014Chil-ku Kang
40%
USA2002, 2006Clint Jones
40%
Słowenia2002Damjan Fras
40%
Kazachstan2022Danil Vassilyev
40%
Francja2010David Lazzaroni
40%
Rosja2006, 2010Dimitriy Ipatov
40%
Korea Płd.2002-2018Hyun-ki Kim
40%
Rosja2022Ilya Mankov
40%
Finlandia2014, 2018Jarkko Maatta
40%
Francja2018Jonathan Learoyd
40%
Estonia2018Martti Nomme
40%
USA2014Nicholas Fairall
40%
Francja2002Nicolas Dessum
40%
Kazachstan2006, 2010Nikolay Karpenko
40%
Niemcy2010Pascal Bodmer
40%
Słowenia2002Peter Zonta
40%
Francja2014Ronan Lamy Chappuis
40%
Polska2002Tomasz Pochwała
40%
Japonia2014Yuta Watase
40%
Niemcy2006Alexander Herr
35%
Finlandia2018Andreas Alamommo
35%
Czechy2022Filip Sakala
35%
Rosja2014Ilmir Hazetdinov
35%
Estonia2002, 2006Jaan Juris
35%
Estonia2002, 2006Jens Salumae
35%
Finlandia2010Kalle Keituri
35%
Białoruś2006Maksim Anisimov
35%
Słowacja2006Martin Mesik
35%
Szwajcaria2006Michael Mollinger
35%
USA2010, 2014Nichoals Alexander
35%
USA2022Patrick Gasienica
35%
Czechy2022Radek Rydl
35%
Słowenia2006Rok Benković
35%
Kanada2006, 2010Stefan Read
35%
Szwajcaria2002Sylvain Freiholz
35%
Chiny2022Weijie Zhen
35%
USA2018William Rhoads
35%
Włochy2006Alessio Bolognani
30%
Rosja2014, 2018Alexey Romashov
30%
USA2010, 2014Anders Johnson
30%
Kirgistan2002Dimitriy Chvykov
30%
Kanada2014Dusty Korek
30%
Szwajcaria2006Guido Landert
30%
Rosja2002, 2006Ildar Fatchullin
30%
Rosja2010Ilya Rosliakov
30%
Szwajcaria2002Marco Steinauer
30%
Czechy2010Martin Cikl
30%
USA2018Michael Glasder
30%
Słowenia2010Mitja Meznar
30%
Grecja2014Nico Polychronidis
30%
USA2010, 2014Peter Frenette
30%
Białoruś2006Petr Chaadayev
30%
Słowenia2010Primoz Pikl
30%
Estonia2014Siim-Tanel Sammelselg
30%
Słowacja2010Tomas Zmoray
30%
Ukraina2010Vitaliy Shumbarets
30%
Ukraina2006, 2010Volodymyr Boschuk
30%
Chiny2006Zhandong Tian
30%
Francja2010Alexandre Mabboux
25%
Kazachstan2006, 2010Alexey Korolev
25%
Kazachstan2014Alexey Pchelintsev
25%
Ukraina2022Anton Korchuk
25%
Rumunia2014
Sorin Iulian Pitea
25%
Japonia2002Hiroki Yamada
25%
Kazachstan2006Ivan Karaulov
25%
Korea Płd.2018Je-un Park
25%
Kanada2014Matthew Rowley
25%
Ukraina2010Oleksandr Lazarovich
25%
Chiny2022Xiaoyang Zhou
25%
Chiny2022Jiawen Zhao
20%
Gruzja2002Kachaber Cakadze
20%
Kanada2010, 2014Trevor Morrice
20%
Kanada2010Eric Mitchell
15%
Kanada2006Gregory Baxter
15%
Kazachstan2002Pavel Gaiduk
15%
Kazachstan2002Stanislav Filimonov
15%
USA2010Taylor Fletcher
15%
Rosja2002Valeriy Kobelev
15%
Chiny2022Yixin Lyu
15%
Rosja2002Alexey Silaev
10%
Niemcy2002Christof Duffner
10%
Bułgaria2002, 2006Georgi Zharkov
10%
Kanada2006Graeme Gorham
10%
Kazachstan2002Maksim Polunin
10%
Bułgaria2006Petar Fartunov
10%
USA2002, 2006Thomas Schwall
10%
Ukraina2002Volodymyr Hlyvka
10%
Rosja2002Aleksandr Belov
5%
Kazachstan2002Aleksandr Korobov
5%
Białoruś2002Andrey Lyskavec
5%
USA2002Brian Welch
5%
Francja2002Florentin Durand
5%
Francja2002Remi Santiago
5%
Ukraina2010Volodymyr Trachuk
5%
USA2002Brendan Doran
0%
USA2006Jim Denney
0%
Kanada2006Michael Nell
0%
Estonia2002Tambet Pikkor
0%

Rozkład punktacji

Percentyl według liczby udzielonych odpowiedzi

Procent ludzi z każdym wynikiem

Twoja historia wyników

Nie rozwiązałeś tego quizu